000 01189nam a2200241Ia 4500
003 Ost
005 20260507075407.0
008 260507s9999||||xx |||||||||||||| ||und||
020 _a6522474512
040 _cfsecg
041 _aara
082 _a330
100 _aالبوطيبي، محمد بن بلعيد أمنو
_eمؤلف
245 0 _aالأوراق التجارية المعاصرة /
_c محمد بن بلعيد أمنو البوطيبي
260 _aبيروت:
_bدار الكتب العلمية,
_c2006
300 _a400 صفحة؛
_bإيضاحات ؛
_c24 سم
504 _aالمراجع ص.373
520 _aيضم مفهوم التجارة ومشروعيتها في الإسلام، الضوابط الشرعية في مجال المعاملات التجارية، تعريف الأوراق التجارية ، خصائص الأوراق التجارية ، أنواع الأوراق التجارية ، نشأة الأوراق التجارية ، الفرق بين الأوراق التجارية والمالية
653 _aالإقتصاد الإسلامي
653 _aالأوراق التجارية
653 _aالتجارة
942 _cكتاب
999 _c44330
_d44330